000 01181nam a22003377a 4500
003 CHAP
005 20220329135011.0
008 971013s1983 r 00010 d
010 _a29308
011 _a30280
035 _a34392
040 _cCHAP
090 _aTesis
100 0 0 _aContreras Hinojosa, Marcos.
_927497
245 _aEstudio preliminar sobre la utilización del lirio acuático (Eichlornia cressipes Mart) en la alimentación de conejos
260 _a(Monterrey, N. L.) :
_bEl autor,
_c1983
300 _a46 h
502 _aTesis (Ing. Agr. Zootecnista) -- ITESM. Div. de Ciencias Agropecuarias y Marítimas
590 _aALEPH
_b10
_c20130110
_lUCH01
_h1251
590 _aBATCH-UPD
_b10
_c20130110
_lUCH01
_h0008
590 _aBATCH-UPD
_b10
_c20130110
_lUCH01
_h0851
590 _aBATCH-UPD
_b10
_c20130409
_lUCH01
_h1945
590 _aBATCH-UPD
_b10
_c20130410
_lUCH01
_h0523
590 _aBATCH-UPD
_b10
_c20130914
_lUCH01
_h1027
590 _aCONVERSION
_b10
_c20130109
_lUCH01
_h1317
650 1 4 _aConejos
_xAlimentación.
_926353
650 1 4 _aLirio acuático como forraje.
_967074
901 _aBK
942 _cTESIS
949 _bBC
_cTES
_d-79647
_eTS1
_i34392
_si
999 _c29308
_d29308